| 000 | 00461cam a2200193 4500 | ||
|---|---|---|---|
| 008 | 090401t1988 xxu||||| |||| 00| 0 eng d | ||
| 020 | _a0566027240 | ||
| 035 | _a(Sirsi) u24919 | ||
| 041 | _aeng | ||
| 050 | _a658.404 | ||
| 100 | _aLock, Dennis | ||
| 245 | _aProject management | ||
| 250 | _a4th ed. | ||
| 260 |
_aAldershot,Hants _bGower Publishing Company _c1988 |
||
| 300 | _axiv,367p. ; 22cm. | ||
| 350 | _a8.5 | ||
| 942 | _n0 | ||
| 948 | _c04/03/1997 | ||
| 999 |
_c88638 _d88638 |
||